Statistics for UK Cabinet Quiz (Current)

Click here to take the quiz!

General Stats

  • This quiz has been taken 694 times
    (152 since last reset)
  • The average score is 16 of 27

Answer Stats

Cabinet PositionMinister% Correct
Prime MinisterRishi Sunak
100%
Chancellor of the ExchequerJeremy Hunt
94%
Secretary of State for Foreign and Commonwealth AffairsDavid Cameron
92%
Secretary of State for the Home DepartmentJames Cleverly
89%
Secretary of State for Levelling Up, Housing and CommunitiesMichael Gove
83%
Secretary of State for DefenceGrant Shapps
78%
Secretary of State for Business and TradeKemi Badenoch
77%
Leader of the House of CommonsPenny Mordaunt
73%
Chancellor of the Duchy of LancasterOliver Dowden
72%
Secretary of State for EducationGillian Keegan
66%
Secretary of State for Environment, Food and Rural AffairsSteve Barclay
60%
Secretary of State for JusticeAlex Chalk
58%
Secretary of State for Health and Social CareVictoria Atkins
57%
Secretary of State for TransportMark Harper
55%
Secretary of State for ScotlandAlister Jack
52%
Secretary of State for Northern IrelandChris Heaton-Harris
48%
Secretary of State for Digital, Culture, Media and SportLucy Frazer
47%
Secretary of State for WalesDavid TC Davies
46%
Secretary of State for Science, Innovation and TechnologyMichelle Donelan
46%
Secretary of State for Energy Security and Net ZeroClaire Coutinho
43%
Leader of the House of LordsNicholas True
41%
Secretary of State for Work and PensionsMel Stride
39%
Attorney GeneralVictoria Prentis
33%
Paymaster GeneralJohn Glen
32%
Chief Secretary to the TreasuryLaura Trott
32%
Chief WhipSimon Hart
30%
Minister without Portfolio (Party Chair)Richard Holden
27%

Score Distribution

Percentile by Number Answered

Percent of People with Each Score

Your Score History

You have not taken this quiz since the last reset